000 00848cab a2200289 4500
001 WB3314-35
008 090401t1997 xxu||||| |||| 00| 0 eng d
035 _a(Sirsi) u77567
041 _aeng
245 _aOpportunity for private landlords
260 _c1997
350 _a0
490 _aFinancial Times
_v3 April 1997, 8
490 _aIndependent
_v4 April 1997, 13(2)
520 _aLooks at the Conservative party and Labour party`s housing manifestos. How money made from the sale of council houses will be reinvested.
650 _aCONSERVATIVE PARTY
650 _aCOUNCIL HOUSES
650 _aHOUSE SALES
650 _aINNER CITIES
650 _aINVESTMENT FUNDS
650 _aLABOUR PARTY
650 _aMANIFESTO FOR HOUSING
650 _aPRIVATE LANDLORDS
690 _aHOUSING
942 _n0
948 _c04/04/1997
999 _c48759
_d48759